Daily chanting : (Record no. 4911)

MARC details
000 -LEADER
fixed length control field 00730cam a2200217 4500
001 - CONTROL NUMBER
control field 5818
005 - DATE AND TIME OF LATEST TRANSACTION
control field 20181127180334.0
008 - FIXED-LENGTH DATA ELEMENTS--GENERAL INFORMATION
fixed length control field 060401s2004 ce 000 0 eng
010 ## - LIBRARY OF CONGRESS CONTROL NUMBER
LC control number 2006345773
020 ## - INTERNATIONAL STANDARD BOOK NUMBER
International Standard Book Number
100 ## - MAIN ENTRY--PERSONAL NAME
Personal name Anandajoti, Bhikkhu.
Numeration
Titles and words associated with a name
Dates associated with a name
Relator term
Fuller form of name
130 0# - MAIN ENTRY--UNIFORM TITLE
Uniform title Catubhanavara.
Language of a work English & Pali.
245 10 - TITLE STATEMENT
Title Daily chanting :
Remainder of title a book of daily workship /
Statement of responsibility, etc. edited & translated by Anandajoti Bhikkhu.
250 ## - EDITION STATEMENT
Edition statement 3rd Edition.
Remainder of edition statement
260 ## - PUBLICATION, DISTRIBUTION, ETC.
Place of publication, distribution, etc. Taiwan :
Name of publisher, distributor, etc. The corporate body of the Buddha educational foundation ,
Date of publication, distribution, etc. 2014.
300 ## - PHYSICAL DESCRIPTION
Extent xi, 202 p. ;
Dimensions 23 cm.
546 ## - LANGUAGE NOTE
Language note English and Pali
Information code or alphabet (Pali in roman).
650 #0 - SUBJECT ADDED ENTRY--TOPICAL TERM
Topical term or geographic name entry element Buddhism
Form subdivision Prayers and devotions.
Topical term or geographic name entry element Buddhist chants.
Holdings
Withdrawn status Lost status Source of classification or shelving scheme Damaged status Not for loan Collection code Home library Current library Shelving location Serial Enumeration / chronology Inventory number Total Checkouts Full call number Barcode Date last seen Price effective from Koha item type
    Dewey Decimal Classification     Main TEST RTC Library RTC Library Main opac 9270   248.3 BHI 30009378 27/11/2018 27/11/2018 Main
Royal Thimphu College || All Right Reserved